000 00772cab a22002175a 4500
001 L158567
008 150428e20150418xxk 000 0 eng d
035 _a(Sirsi) u158567
041 0 _aeng
100 1 _aBhaloo, Zia
245 0 0 _aGoing Underground
260 _c2015
490 _aEstates Gazette
_v(1515) 18 April 2015, 92-94(3)
520 _aIn the second of two articles examining the issues that arise in relation to reservations of mines and minerals, examines the practical issues associated with extraction. Includes information about commercial exploitation and the sterilisation of minerals.
590 _aKA
651 4 _aUnited Kingdom
690 _aMinerals and waste
_96257
700 1 _aJeffries, Stuart
700 1 _aWest, Matthew
942 _n0
999 _c84627
_d84627